000 01212nam a2200337 c 4500
003 BLK
005 20210414105800.0
008 180409b bul|||||r ||||||| ||bul||
010 _aKNG00106544000
020 _a5-267-00292-5
_bиздат.: Азбука
040 _aBLK
041 _aRUS
_cRUS
080 _aРуска литература
_b821.161.1
_x-293.7
_z821.161.1-293.7
080 _aРуска литература
_b821.161.1
_x-6
_z821.161.1-6
100 1 _aПараджанов, Сергей
_eпърви автор
_9106673
139 _aПараджанов, Сергей
_bП 22
245 1 0 _aИсповедь
_bКиносценарии, письма
_cСергей Параджанов.
257 _aRUS
260 С.-Петербург
_bАзбука
_c2001
_fС.-Петербург : ФГУП Печатный двор
300 _a656 с.
_bцв. ил.
_c19 см
380 _aX
490 1 _aНаследие
500 _aОфс. изд. - 7 000 тир.
653 _aкиносценарии
653 _aписма
852 _aЦб І 30871
856 4 _qpdf
_u
856 4 _qpdf
_u
942 _cKNG
_n0
_01
944 _aCR
_c01.01.2001
_kЛюдмила_Стоянова
944 _aED
_c26.06.2003
_k
999 _c101494
_d101494